Quiz sull'Ungheria - Statistics

Statistiche generali
  • Questo quiz è stato fatto 1.050 volte
  • Il punteggio medio è 10 su 19
Statistiche sulle risposte
Domanda Risposta % Corretto
Capitale Budapest
99%
Fiume che attraversa questa città Danubio
94%
Capo degli Unni dal 434 al 453, soprannominato "Flagello di Dio" Attila
77%
Impero di cui ha fatto parte fino al 1918 Austro-Ungarico
77%
Stato contro cui l'Ungheria si rivoltò nel 1956 Unione Sovietica
70%
Famosa invenzione di Ernő Rubik Cubo di Rubik
69%
Famoso stufato Gulasch
67%
Altro modo per dire "ungherese", riferito soprattutto alle peculiarità etniche e storiche Magiaro
56%
Spezia rossa usata per preparare il piatto precedente Paprica
56%
Primo Ministro dal 2010, la cui democraticità è stata messa più volte in discussione Viktor Orbán
56%
Nomina una nazione che, oltre all'Ungheria, parla una lingua uralica Finlandia | Estonia
52%
Valuta Fiorino
40%
Catena montuosa che circonda parzialmente la Pianura ungherese (Alföld) Carpazi
38%
Lago più grande dell'Europa Centrale Balaton
37%
Sport di squadra dominato dall'Ungheria alle Olimpiadi estive Pallanuoto
34%
Musicista che compose le "Rapsodie Ungheresi" Franz Liszt
29%
Imprenditore e filantropo ungherese naturalizzato statunitense, oggetto di numerose teorie e complotti George Soros
24%
Primo re Stefano I
23%
Matematico e fisico ungherese naturalizzato statunitense, considerato uno dei più grandi matematici della storia moderna. John von {Neumann}
13%
Nessun quiz corrispondente trovato
Distribuzione punteggi
Percentuale di utenti per punteggio
Percentile per numero di risposta
I tuoi punteggi nel tempo
Non hai fatto questo quiz